Computer systems design and architecture / (Record no. 14293)
[ view plain ]
| 000 -LEADER | |
|---|---|
| fixed length control field | 00965cam a2200277 a 4500 |
| 001 - CONTROL NUMBER | |
| control field | 2581006 |
| 003 - CONTROL NUMBER IDENTIFIER | |
| control field | PILC |
| 005 - DATE AND TIME OF LATEST TRANSACTION | |
| control field | 20150820132445.0 |
| 008 - FIXED-LENGTH DATA ELEMENTS--GENERAL INFORMATION | |
| fixed length control field | 960815s1997 caua b 001 0 eng |
| 010 ## - LIBRARY OF CONGRESS CONTROL NUMBER | |
| LC control number | 96038491 |
| 020 ## - INTERNATIONAL STANDARD BOOK NUMBER | |
| International Standard Book Number | 0201352486 |
| 040 ## - CATALOGING SOURCE | |
| Original cataloging agency | DLC |
| Transcribing agency | DLC |
| Modifying agency | DLC |
| 050 00 - LIBRARY OF CONGRESS CALL NUMBER | |
| Classification number | QA 76.9 |
| Item number | .S88H48 1997 |
| 082 00 - DEWEY DECIMAL CLASSIFICATION NUMBER | |
| Classification number | CSF 005.79 |
| Item number | H48 1997 |
| 100 1# - MAIN ENTRY--PERSONAL NAME | |
| Personal name | Heuring, Vincent P. |
| 9 (RLIN) | 8500 |
| 245 10 - TITLE STATEMENT | |
| Title | Computer systems design and architecture / |
| Statement of responsibility, etc | Vincent P. Heuring, Harry P. Jordan. |
| 260 ## - PUBLICATION, DISTRIBUTION, ETC. (IMPRINT) | |
| Place of publication, distribution, etc | Menlo Park, California : |
| Name of publisher, distributor, etc | Addison-Wesley, |
| Date of publication, distribution, etc | 1997. |
| 300 ## - PHYSICAL DESCRIPTION | |
| Extent | 571 pages : |
| Other physical details | illustrations ; |
| Dimensions | 24 cm. |
| 650 #0 - SUBJECT ADDED ENTRY--TOPICAL TERM | |
| Topical term or geographic name as entry element | System design. |
| 9 (RLIN) | 8501 |
| 650 #0 - SUBJECT ADDED ENTRY--TOPICAL TERM | |
| Topical term or geographic name as entry element | Computer architecture. |
| 9 (RLIN) | 8502 |
| 650 #0 - SUBJECT ADDED ENTRY--TOPICAL TERM | |
| Topical term or geographic name as entry element | High performance computing. |
| 9 (RLIN) | 8503 |
| 700 1# - ADDED ENTRY--PERSONAL NAME | |
| Personal name | Jordan, Harry F. |
| 9 (RLIN) | 8504 |
| 906 ## - LOCAL DATA ELEMENT F, LDF (RLIN) | |
| a | 7 |
| b | cbc |
| c | orignew |
| d | 1 |
| e | ocip |
| f | 19 |
| g | y-gencatlg |
| 942 ## - ADDED ENTRY ELEMENTS (KOHA) | |
| Source of classification or shelving scheme | Library of Congress Classification |
| Koha item type | Books |
| Withdrawn status | Lost status | Source of classification or shelving scheme | Damaged status | Home library | Current library | Shelving location | Date acquired | Total Checkouts | Full call number | Barcode | Date last seen | Copy number | Price effective from | Koha item type | Source of acquisition | Public note |
|---|---|---|---|---|---|---|---|---|---|---|---|---|---|---|---|---|
| Library of Congress Classification | Southville International School Affiliated with Foreign Universities Library | Southville International School Affiliated with Foreign Universities Library | Southville Foreign University Section | 08/06/2013 | QA 76.9 .S88H48 1997 | SFU0074 | 05/15/2018 | 1 | 08/06/2013 | Books | ||||||
| Library of Congress Classification | Southville International School Affiliated with Foreign Universities Library | Southville International School Affiliated with Foreign Universities Library | Southville Foreign University Section | 08/06/2013 | QA 76.9 .S88H48 1997 | SFU0075 | 05/15/2018 | 2 | 08/06/2013 | Books | ||||||
| Library of Congress Classification | Southville International School Affiliated with Foreign Universities Library | Southville International School Affiliated with Foreign Universities Library | Southville Foreign University Section | 08/06/2013 | QA 76.9 .S88H48 1997 | SFU0076 | 05/15/2018 | 3 | 08/06/2013 | Books | ||||||
| Withdrawn | Library of Congress Classification | Southville International School Affiliated with Foreign Universities Library | Southville International School Affiliated with Foreign Universities Library | 08/20/2015 | QA 76.9 .S88H48 1997 | SFU2586 | 05/15/2018 | 08/20/2015 | Books | Donation | Books donated |